000 01239nam a2200229Ia 4500
003 Ost
005 20260507074904.0
008 260507s9999||||xx |||||||||||||| ||und||
020 _a9957322974
040 _cfsecg
041 _aara
082 _a657
100 _aبني عطا، حيدر محمد علي
_eمؤلف
245 0 _aمقدمة في نظرية المحاسبة والمراجعة /
_c حيدر محمد علي بني عطا
260 _aعمان:
_bدار حامد للنشر والتوزيع,
_c2007
300 _a294 صفحة؛
_bإيضاحات ؛
_c26 سم
504 _aببليوغرافيا: ص.290
520 _aيضم نشأة علم المحاسبة وتطوره، القياس المحاسبي، عناصر النظام المحاسبي، الإطار النظري المفاهيمي للمحاسبة، المصروفات الإيرادية، والرأسمالية ونفقات البحث والتطوير والبيئة، الدخل، محاولات بناء نظرية محاسبية، طرق الإهتلاك، مناهج بناء النظرية المحاسبية، قياس الأصول في فترات التضخم
653 _aالمحاسبة
653 _aالمراجعة
942 _cكتاب
999 _c41681
_d41681